| 000 | 01135nam a22002657a 4500 | ||
|---|---|---|---|
| 999 |
_c6608 _d6608 |
||
| 003 | OSt | ||
| 005 | 20200227122032.0 | ||
| 008 | 200227s2012 ck ||||fr|||| 001 0dspa d | ||
| 020 | _a9789587108439 | ||
| 040 |
_aCO-JMCR _cCO-JMCR |
||
| 041 | _aspa | ||
| 082 | 0 | 4 |
_a332.16 / _bL662p |
| 100 | 1 |
_aLópez Roca, Luis Fernanado, _eautor _9967 |
|
| 245 |
_aEl principio de igualdad en la actividad financiera : _bEl caso del acceso a los servicios financieros y el rescate de los bancos "Demasiado grandes para quebrar" ("Toobigto faill") / _cLuis Fernando López Roca |
||
| 250 | _aPrimera edición | ||
| 260 |
_aBogotá : _bUniversidad Externado de Colombia, _c2012 |
||
| 300 |
_axi, 405 páginas ; _c24 cm. |
||
| 500 | _aIncluye datos biográficos del autor en solapa frontal. | ||
| 504 | _aBibliografía: páginas 385-405. | ||
| 505 | _aEl sistema financiero, la igualdad y las actividades de interés público -- El principio de igualdad en el rescate de entidades financieras | ||
| 650 | 2 | 4 |
_2Estados financieros _zColombia _9968 |
| 650 | 2 | 4 | _2Aspectos constitucionales |
| 650 | 2 | 4 | _2Derecho económico |
| 942 |
_2ddc _cBK |
||